| 000 | 00714nam a2200253Ia 4500 | ||
|---|---|---|---|
| 001 | 2977 | ||
| 003 | GE_BSU | ||
| 008 | 181216s||||||||xx |||||||||||||| ||und|| | ||
| 020 | _a586225592 | ||
| 040 | _cGE_BSU | ||
| 080 | _a339.1 | ||
| 100 | _aВаловой, Дмитрий | ||
| 245 | _aРыночная экономика: возникно эволюция и сущность | ||
| 245 | _cред. Т.Г. Березина | ||
| 260 | _aМосква | ||
| 260 | _bИНФРА-М | ||
| 260 | _c1997 | ||
| 300 | _a400 с. 21 см. | ||
| 541 | _h10 л. 75 т. | ||
| 653 | _aвозникно эволюция | ||
| 653 | _aРыночная экономика | ||
| 653 | _aсущность | ||
| 942 | _cBK | ||
| 999 |
_c37023 _d37023 |
||